<?xml version="1.0" encoding="UTF-8"?>
<record
    xmlns:xsi="http://www.w3.org/2001/XMLSchema-instance"
    xsi:schemaLocation="http://www.loc.gov/MARC21/slim http://www.loc.gov/standards/marcxml/schema/MARC21slim.xsd"
    xmlns="http://www.loc.gov/MARC21/slim">

  <leader>02387nam a2200313 i 4500</leader>
  <controlfield tag="003">OSt</controlfield>
  <controlfield tag="005">20231228115248.0</controlfield>
  <controlfield tag="008">231228s2023    enkabo e f    001 0 eng d</controlfield>
  <datafield tag="020" ind1=" " ind2=" ">
    <subfield code="a">9780241615263</subfield>
    <subfield code="c">RM152.60</subfield>
    <subfield code="q">hardback</subfield>
  </datafield>
  <datafield tag="040" ind1=" " ind2=" ">
    <subfield code="a">PPAK</subfield>
    <subfield code="b">eng</subfield>
    <subfield code="c">PPAK</subfield>
    <subfield code="e">rda</subfield>
  </datafield>
  <datafield tag="082" ind1="0" ind2="4">
    <subfield code="2">23</subfield>
    <subfield code="a">796.425   </subfield>
  </datafield>
  <datafield tag="090" ind1="0" ind2="0">
    <subfield code="a">796.425 </subfield>
    <subfield code="b">RUN</subfield>
    <subfield code="d">R</subfield>
  </datafield>
  <datafield tag="245" ind1="0" ind2="0">
    <subfield code="a">RUN :</subfield>
    <subfield code="b">RACES AND TRAILS AROUND THE WORLD /</subfield>
    <subfield code="c">Editor : DK Publishing Inc ; Illustrator : Ben Spurrier</subfield>
  </datafield>
  <datafield tag="264" ind1=" " ind2="1">
    <subfield code="a">London :</subfield>
    <subfield code="b">Dorling Kindersley, </subfield>
    <subfield code="c">2023</subfield>
  </datafield>
  <datafield tag="300" ind1=" " ind2=" ">
    <subfield code="a">224 pages :</subfield>
    <subfield code="b">colour photographs, colour maps ;</subfield>
    <subfield code="c">26 cm</subfield>
  </datafield>
  <datafield tag="336" ind1=" " ind2=" ">
    <subfield code="a">text</subfield>
    <subfield code="2">rdacontent</subfield>
  </datafield>
  <datafield tag="337" ind1=" " ind2=" ">
    <subfield code="a">unmediated</subfield>
    <subfield code="2">rdamedia</subfield>
  </datafield>
  <datafield tag="338" ind1=" " ind2=" ">
    <subfield code="a">volume</subfield>
    <subfield code="2">rdacarrier</subfield>
  </datafield>
  <datafield tag="490" ind1="1" ind2=" ">
    <subfield code="a">DK Eyewitness </subfield>
  </datafield>
  <datafield tag="500" ind1=" " ind2=" ">
    <subfield code="a">Includes index</subfield>
  </datafield>
  <datafield tag="505" ind1=" " ind2=" ">
    <subfield code="t">Introduction--
</subfield>
    <subfield code="t">Preparing for your run--
</subfield>
    <subfield code="t">Essential kit--</subfield>
    <subfield code="t">Extra kit--
</subfield>
    <subfield code="t">North America--
</subfield>
    <subfield code="t">Central and South America--</subfield>
    <subfield code="t">Europe--
</subfield>
    <subfield code="t">Africa and the Middle East--</subfield>
    <subfield code="t">Asia--
</subfield>
    <subfield code="t">Australasia.</subfield>
  </datafield>
  <datafield tag="520" ind1=" " ind2=" ">
    <subfield code="a">"Inspirational travel book covering the most incredible runs around the globe, from must-do marathons to laid-back 5 kms round the park.. Grab your trainers and get ready to run around the world. Take a loop around stunning Lake Bled, jog along a section of China's famous Great Wall or tackle the historic Boston Marathon- Run celebrates 100 of the world's most amazing races and routes. Featuring a mix of iconic races and epic ultras, off-the-beaten-path trails and welcoming park runs, it's the ultimate inspiration for adventuring on two feet, whether you're a marathon devotee, hardcore trail runner or gentle jogger. Compiled by a team of sports journalists and keen runners, this book is packed with ideas for your next run. Awe-inspiring images and compelling descriptions of each route will have you itching to lace up your trainers, while handy maps, elevation profiles and practical information - including things like distance and terrain - will help you plan the nitty gritty of your trip. We've also included the best places to explore while you're there - whether that's epic viewpoints or post-workout lunch spots - as well as suggestions for alternative ways to tackle a route"--Publisher's description
</subfield>
  </datafield>
  <datafield tag="650" ind1="1" ind2="0">
    <subfield code="a">Running </subfield>
    <subfield code="v">Guidebooks</subfield>
  </datafield>
  <datafield tag="655" ind1=" " ind2="7">
    <subfield code="a">Guidebooks</subfield>
  </datafield>
  <datafield tag="700" ind1="1" ind2=" ">
    <subfield code="6">Spurrier, Ben,</subfield>
    <subfield code="e">illustrator.</subfield>
  </datafield>
  <datafield tag="710" ind1="2" ind2=" ">
    <subfield code="a">DK Publishing Inc.,</subfield>
    <subfield code="e">editor.</subfield>
  </datafield>
  <datafield tag="830" ind1=" " ind2="0">
    <subfield code="a">DK eyewitness </subfield>
  </datafield>
  <datafield tag="942" ind1=" " ind2=" ">
    <subfield code="2">ddc</subfield>
    <subfield code="c">B</subfield>
  </datafield>
  <datafield tag="999" ind1=" " ind2=" ">
    <subfield code="c">194249</subfield>
    <subfield code="d">194249</subfield>
  </datafield>
  <datafield tag="952" ind1=" " ind2=" ">
    <subfield code="0">0</subfield>
    <subfield code="7">1</subfield>
    <subfield code="b">PPAK</subfield>
    <subfield code="c">R</subfield>
    <subfield code="d">2024-01-23</subfield>
    <subfield code="l">0</subfield>
    <subfield code="o">R 796.425 RUN</subfield>
    <subfield code="p">A01807346</subfield>
    <subfield code="r">2024-01-23 15:19:21</subfield>
    <subfield code="y">B</subfield>
  </datafield>
  <datafield tag="952" ind1=" " ind2=" ">
    <subfield code="0">0</subfield>
    <subfield code="7">1</subfield>
    <subfield code="b">SP</subfield>
    <subfield code="c">R</subfield>
    <subfield code="d">2024-01-23</subfield>
    <subfield code="l">0</subfield>
    <subfield code="o">R 796.425 RUN</subfield>
    <subfield code="p">A01807347</subfield>
    <subfield code="r">2024-01-23 15:19:21</subfield>
    <subfield code="y">B</subfield>
  </datafield>
</record>
